| 000 | 00655cam a2200193 i 4500 | ||
|---|---|---|---|
| 005 | 20250901165542.0 | ||
| 008 | 770601s1977 nyu b 001 0 eng | ||
| 010 | _a 77071350 | ||
| 020 |
_a0030168864 : _c$8.95 _a0030228816 |
||
| 050 | 1 | 0 |
_aRC480 .E37 1977 _b.E37 |
| 082 | 0 | 0 | _a616.8/914 |
| 100 | 1 | _aEhrenberg, Otto. | |
| 245 | 1 | 4 |
_aThe psychotherapy maze : _ba consumer's guide to the ins and outs of therapy / _cOtto Ehrenberg and Miriam Ehrenberg. |
| 250 | _a1st ed. | ||
| 260 |
_aNew York : _bHolt, Rinehart and Winston, _cc1977. |
||
| 300 |
_axii, 192 p. ; _c22 cm. |
||
| 500 | _aIncludes index. | ||
| 942 |
_2lcc _hRC480 .E37 1977 |
||
| 999 |
_c5733 _d5733 |
||